Reálna konvergencia v oblasti výkonnosti SR
Hodnotenie dosiahnutej reálnej konvergencie SR v oblasti výkonnosti k priemeru krajín EÚ 15. Hodnotenie prognózovanej konvergencie SR v oblasti výkonnosti k priemeru EÚ 15. Simulácia budúceho vývoja HDP na základe dvoch scenárov výmenného kurzu.
Guardado en:
| Autor principal: | |
|---|---|
| Formato: | Capítulo de libro |
| Lenguaje: | eslovaco |
| Materias: | |
| Etiquetas: |
Sin Etiquetas, Sea el primero en etiquetar este registro!
|
MARC
| LEADER | 00000nla$a2200000$$$4500 | ||
|---|---|---|---|
| 001 | 0108348 | ||
| 005 | 20240502083253.6 | ||
| 041 | 0 | |a slo | |
| 044 | |a CZ | ||
| 245 | 1 | 0 | |a Reálna konvergencia v oblasti výkonnosti SR |c Karol Trnovský |
| 520 | |a Hodnotenie dosiahnutej reálnej konvergencie SR v oblasti výkonnosti k priemeru krajín EÚ 15. Hodnotenie prognózovanej konvergencie SR v oblasti výkonnosti k priemeru EÚ 15. Simulácia budúceho vývoja HDP na základe dvoch scenárov výmenného kurzu. | ||
| 610 | 2 | 0 | |a konvergencia |
| 610 | 2 | 0 | |a produkt domáci hrubý |
| 610 | 2 | 0 | |a rast hospodársky |
| 610 | 2 | 0 | |a euro |
| 610 | 2 | 0 | |a kurz výmenný |
| 610 | 2 | 0 | |a prognózy |
| 610 | 2 | 0 | |a výkonnosť ekonomiky |
| 610 | 2 | 0 | |a Európska únia |
| 610 | 2 | 0 | |a Slovensko |
| 100 | 1 | |a Trnovský, Karol, 1983- | |